[Event "Klatovy op-B 24th"]
[Site "Klatovy"]
[Date "2018.07.01"]
[Round "2"]
[White "Svec, Vitezslav"]
[Black "Jirasek, Jiri"]
[Result "0-1"]
[WhiteElo "1632"]
[BlackElo "1903"]
[PlyCount "86"]
[EventDate "2018.06.30"]
[EventType "swiss"]
[EventRounds "9"]
[EventCountry "CZE"]
[SourceTitle "CBM 185 Extra"]
[Source "ChessBase"]
[SourceDate "2018.07.29"]
[SourceVersion "1"]
[SourceVersionDate "2018.07.29"]
[SourceQuality "1"]

1. d4 c5 2. d5 Nf6 3. Nc3 d6 4. e4 g6 5. Be2 Bg7 6. Nf3 Nbd7 7. 0-0 0-0 8. Bg5 a6 9. a4 Rb8 10. Qd2 Ng4 11. h3 Nge5 12. Bh6 Nxf3+ 13. Bxf3 Ne5 14. Be2 f5 15. Bxg7 Kxg7 16. f4 Nf7 17. Bd3 Nh6 18. Rae1 Qb6 19. Kh1 Rf7 20. e5 Qb4 21. e6 Rf8 22. b3 Ng8 23. Nb1 Qb6 24. Na3 Nf6 25. Nc4 Qc7 26. a5 Nxd5 27. Bxf5 Rxf5 28. g4 Rf6 29. Qxd5 b5 30. Qd2 bxc4 31. Qc3 Kg8 32. Qxc4 Qxa5 33. f5 Qd2 34. Re2 Qh6 35. Kh2 Rb4 36. Qd5 Rxg4 37. Qc6 Rh4 38. Rf3 Qf8 39. Rd2 Bxe6 40. Kg3 Qh6 41. Qe8+ Rf8 42. Qxe7 Rxh3+ 43. Kg2 Rh2+ 0-1

[Event "Klatovy op-B 23rd"]
[Site "Klatovy"]
[Date "2017.07.05"]
[Round "5"]
[White "Svec, Vitezslav"]
[Black "Lacha, Jan"]
[Result "1/2-1/2"]
[WhiteElo "1630"]
[BlackElo "1815"]
[PlyCount "49"]
[EventDate "2017.07.01"]
[EventType "swiss"]
[EventRounds "9"]
[EventCountry "CZE"]
[SourceTitle "EXT 2018"]
[Source "ChessBase"]
[SourceDate "2017.10.13"]
[SourceVersion "1"]
[SourceVersionDate "2017.10.13"]
[SourceQuality "1"]

1. d4 Nf6 2. Bf4 d6 3. e3 b6 4. Nf3 Bb7 5. Be2 g6 6. 0-0 Bg7 7. c4 Nbd7 8. h3 0-0 9. Nc3 Re8 10. Bh2 a6 11. b4 e5 12. d5 Qe7 13. e4 Nh5 14. Nd2 Nf4 15. Rc1 Qg5 16. Bxf4 exf4 17. Nf3 Qf6 18. Bd3 Ne5 19. Nxe5 Rxe5 20. f3 Rae8 21. Ne2 Bc8 22. Rf2 Rh5 23. Kf1 Qe5 24. Ng1 Qd4 25. Ne2 1/2-1/2

[Event "Klatovy op-B 23rd"]
[Site "Klatovy"]
[Date "2017.07.02"]
[Round "2"]
[White "Svec, Vitezslav"]
[Black "Cyron, Karel"]
[Result "0-1"]
[WhiteElo "1630"]
[BlackElo "1774"]
[PlyCount "46"]
[EventDate "2017.07.01"]
[EventType "swiss"]
[EventRounds "9"]
[EventCountry "CZE"]
[SourceTitle "EXT 2018"]
[Source "ChessBase"]
[SourceDate "2017.10.13"]
[SourceVersion "1"]
[SourceVersionDate "2017.10.13"]
[SourceQuality "1"]

1. d4 Nf6 2. Bf4 d6 3. e3 g6 4. Nf3 Bg7 5. c4 Nbd7 6. h3 c5 7. Be2 Qb6 8. Nc3 Qxb2 9. Nb5 Qb4+ 10. Nd2 Qa5 11. 0-0 a6 12. Nb3 Qb6 13. dxc5 Nxc5 14. Bxd6 exd6 15. Nxd6+ Ke7 16. Nxc8+ Rhxc8 17. Rb1 Rc7 18. Nd4 Qd6 19. Qc2 Qe5 20. Bf3 Nfe4 21. Rxb7 Nxb7 22. Bxe4 Rac8 23. Bd5 Qxd5 0-1

[Event "Klatovy op-B 22nd"]
[Site "Klatovy"]
[Date "2016.07.07"]
[Round "6"]
[White "Svec, Vitezslav"]
[Black "Kastner, Jan"]
[Result "0-1"]
[WhiteElo "1687"]
[BlackElo "1875"]
[PlyCount "82"]
[EventDate "2016.07.02"]
[EventType "swiss"]
[EventRounds "9"]
[EventCountry "CZE"]
[SourceTitle "EXT 2019"]
[Source "ChessBase"]
[SourceDate "2018.10.10"]
[SourceVersion "1"]
[SourceVersionDate "2018.10.10"]
[SourceQuality "1"]

1. d4 d5 2. Bf4 Nf6 3. e3 e6 4. Nf3 c5 5. c3 Nc6 6. Bd3 Nh5 7. Bg3 Nxg3 8. hxg3 h6 9. g4 cxd4 10. exd4 Be7 11. Nbd2 Qd6 12. g5 e5 13. Bb5 e4 14. Ne5 Bxg5 15. Qa4 Bd7 16. Nxd7 Bxd2+ 17. Kxd2 Kxd7 18. Qb3 a6 19. Be2 b5 20. Rh5 g5 21. Rah1 f5 22. Ke1 Ke7 23. f4 Kf7 24. fxg5 Ne7 25. R1h3 Rag8 26. Qb4 Qf4 27. Rxh6 Rxh6 28. Rxh6 Qxg5 29. Qd6 Qg3+ 30. Qxg3 Rxg3 31. Kf2 Rg6 32. Bh5 Kg7 33. Bxg6 Kxh6 34. Be8 f4 35. a4 bxa4 36. Bxa4 Kg5 37. Bd1 a5 38. b4 axb4 39. cxb4 e3+ 40. Kf3 Nc6 41. Bb3 Nxd4# 0-1

[Event "Klatovy op-B 22nd"]
[Site "Klatovy"]
[Date "2016.07.06"]
[Round "5"]
[White "Svec, Vitezslav"]
[Black "Lener, Jaroslav"]
[Result "1-0"]
[WhiteElo "1687"]
[BlackElo "1820"]
[PlyCount "89"]
[EventDate "2016.07.02"]
[EventType "swiss"]
[EventRounds "9"]
[EventCountry "CZE"]
[SourceTitle "EXT 2019"]
[Source "ChessBase"]
[SourceDate "2018.10.10"]
[SourceVersion "1"]
[SourceVersionDate "2018.10.10"]
[SourceQuality "1"]

1. d4 Nf6 2. Bf4 d6 3. Nf3 Bg4 4. e3 Nh5 5. h3 Bc8 6. Bh2 g6 7. Be2 Bg7 8. 0-0 f5 9. Nbd2 Nf6 10. Bd3 Nc6 11. c3 d5 12. Ne5 Nxe5 13. Bxe5 0-0 14. f3 c6 15. e4 Nh5 16. Bh2 fxe4 17. fxe4 Rxf1+ 18. Qxf1 Bh6 19. Qf2 Qb6 20. Nb3 Be6 21. Qc2 dxe4 22. Bxe4 Bxb3 23. axb3 c5 24. Bxg6 Qxg6 25. Qe2 cxd4 26. Qc4+ Qf7 27. Qxd4 Bg7 28. Be5 a6 29. Rf1 Bxe5 30. Qxe5 Nf6 31. c4 Rf8 32. Re1 Nd7 33. Qg5+ Kh8 34. Rxe7 Qf6 35. Qxf6+ Nxf6 36. Rxb7 Ra8 37. b4 Rc8 38. c5 Ne4 39. Rb6 a5 40. bxa5 Nxc5 41. b4 Na4 42. Rb7 Rc1+ 43. Kh2 Rc8 44. a6 Nc3 45. a7 1-0